Fundamentals of environmental science / (Record no. 335233)
[ view plain ]
| 000 -LEADER | |
|---|---|
| fixed length control field | 00651nam a22002177a 4500 |
| 003 - CONTROL NUMBER IDENTIFIER | |
| control field | FIL |
| 005 - DATE AND TIME OF LATEST TRANSACTION | |
| control field | 20170615113037.0 |
| 008 - FIXED-LENGTH DATA ELEMENTS--GENERAL INFORMATION | |
| fixed length control field | 130305t xxu||||| |||| 00| 0 eng d |
| 020 ## - INTERNATIONAL STANDARD BOOK NUMBER | |
| International Standard Book Number | 9710412983 |
| 050 ## - LIBRARY OF CONGRESS CALL NUMBER | |
| Classification number | GE 105 |
| Item number | .G948 2015 |
| 082 ## - DEWEY DECIMAL CLASSIFICATION NUMBER | |
| Classification number | FIL 363.7 |
| Item number | c357 2008 |
| 100 ## - MAIN ENTRY--PERSONAL NAME | |
| Personal name | Guido, Ryan Manuel D. |
| 245 ## - TITLE STATEMENT | |
| Title | Fundamentals of environmental science / |
| Statement of responsibility, etc | Ryan Manuel D. Guida (and 4 others). |
| 260 ## - PUBLICATION, DISTRIBUTION, ETC. (IMPRINT) | |
| Place of publication, distribution, etc | Mandaluyong CIty : |
| Name of publisher, distributor, etc | Books Atbp., |
| Date of publication, distribution, etc | 2015. |
| 300 ## - PHYSICAL DESCRIPTION | |
| Extent | ix, 179 pages : |
| Other physical details | illustrations ; |
| Dimensions | 25 cm. |
| 500 ## - GENERAL NOTE | |
| General note | Includes bibliographical references. |
| 526 ## - STUDY PROGRAM INFORMATION NOTE | |
| Reading level | 1210L-1700L |
| 562 ## - COPY AND VERSION IDENTIFICATION NOTE | |
| Number of copies | 1 |
| 942 ## - ADDED ENTRY ELEMENTS (KOHA) | |
| Source of classification or shelving scheme | Library of Congress Classification |
| Koha item type | Books |
| Call number prefix | Filipininana |
| Withdrawn status | Lost status | Source of classification or shelving scheme | Damaged status | Home library | Current library | Shelving location | Date acquired | Source of acquisition | Sub Shelving location | Total Checkouts | Total Renewals | Full call number | Barcode | Date last seen | Date checked out | Price effective from | Koha item type |
|---|---|---|---|---|---|---|---|---|---|---|---|---|---|---|---|---|---|
| Library of Congress Classification | College Library | College Library | Filipiniana Section | 06/15/2017 | Library Fund | 4 | 1 | GE 105 .G948 2015 | C20960 | 03/01/2019 | 02/14/2019 | 06/15/2017 | Books |